00332 a2200133 450000100060000002000270000604000240003310000150005724000410007224500360011330000090014936200090015865000310016747194 a9788578481483 (broch.) cAnchieta - Aquarius aPrap, Lila10aVocê sabe tudo sobre insetos?lpor10aVocê sabe tudo sobre insetos? a39p.0 a2014 4aLiteratura infanto-juvenil